Normal view
MARC view
Entry Personal Name
001 - CONTROL NUMBER
- control field: 24788
003 - CONTROL NUMBER IDENTIFIER
- control field: dpl
005 - DATE AND TIME OF LATEST TRANSACTION
- control field: 20101214161341.0
008 - FIXED-LENGTH DATA ELEMENTS
- fixed length control field: 101214|||a|||||| | ||| d
040 ## - CATALOGING SOURCE
- Original cataloging agency: dpl
- Transcribing agency: dpl
100 ## - HEADING--PERSONAL NAME
- Personal name: वासुदेव,पद्मजा प्रमोद
670 ## - SOURCE DATA FOUND
- Source citation: Work cat.: (dpl): 24776, हितगुज करणाऱ्या कविता /, 2010
670 ## - SOURCE DATA FOUND
- Source citation: Work cat.: (dpl): 24776, हितगुज करणाऱ्या कविता /, 2010
